CAREER COURAGE DISCOVER YOUR PASSION STE (Record no. 32145)

MARC details
000 -LEADER
fixed length control field 00340nam a2200133Ia 4500
008 - FIXED-LENGTH DATA ELEMENTS--GENERAL INFORMATION
fixed length control field 240624s9999 xx 000 0 und d
041 ## - LANGUAGE CODE
Language code of text/sound track or separate title eng
082 ## - DEWEY DECIMAL CLASSIFICATION NUMBER
Classification number 650.1 KEL
100 ## - MAIN ENTRY--PERSONAL NAME
Personal name KELLEY KATIE C
245 ## - TITLE STATEMENT
Title CAREER COURAGE DISCOVER YOUR PASSION STE
260 ## - PUBLICATION, DISTRIBUTION, ETC.
Date of publication, distribution, etc. 2016
Place of publication, distribution, etc. New York
Name of publisher, distributor, etc. Amacom
300 ## - PHYSICAL DESCRIPTION
Extent xiii, 222 p.; 23 cm.
365 ## - TRADE PRICE
Currency code
Price amount 33
Holdings
Withdrawn status Lost status Damaged status Not for loan Home library Current library Shelving location Date acquired Total Checkouts Total Renewals Full call number Barcode Date due Date last seen Date last checked out Copy number Price effective from Koha item type
        IMTN IMTN Rack 18-B 07/02/2020 1 1 650.1 KEL 32145 12/20/2025 07/06/2024 07/06/2024 75 06/24/2024 Books
Designed & Maintained by: LRC IMT Nagpur Contact: lrc@imtnag.ac.in© 2024. All Rights Reserved.